Вьетнамская культура, типичная для Юго-Восточной Азии; Коммуникативные аспекты языка и культуры; Ч. 2

Detalles Bibliográficos
Parent link:Коммуникативные аспекты языка и культуры: сборник материалов XIV Международной научно-практической конференции студентов и молодых ученых, г. Томск, 21-23 мая 2014 г./ Национальный исследовательский Томский политехнический университет (ТПУ), Институт международного образования и языковой коммуникации (ИМОЯК) ; под ред. С. А. Песоцкой.— , 2014
Ч. 2.— 2014.— [С. 321-324]
Autor Principal: До Тхи Хань
Autor Corporativo: Национальный исследовательский Томский политехнический университет (ТПУ) Институт международного образования и языковой коммуникации (ИМОЯК) Кафедра междисциплинарная (МД)
Outros autores: Седельникова С. Ф. Светлана Федоровна (научный руководитель)
Summary:Заглавие с титульного экрана
Idioma:ruso
Publicado: 2014
Series:Теоретические и прикладные аспекты изучения языков и культур стран Азиатско-Тихоокеанского региона
Subjects:
Acceso en liña:http://earchive.tpu.ru/handle/11683/21473
http://www.lib.tpu.ru/fulltext/c/2014/C77/V2/071.pdf
Formato: Electrónico Capítulo de libro
KOHA link:https://koha.lib.tpu.ru/cgi-bin/koha/opac-detail.pl?biblionumber=610030

MARC

LEADER 00000naa2a2200000 4500
001 610030
005 20260331091710.0
035 |a (RuTPU)RU\TPU\conf\7605 
035 |a RU\TPU\conf\7604 
090 |a 610030 
100 |a 20141220d2014 k y0rusy50 ca 
101 0 |a rus 
102 |a RU 
135 |a drcn ---uucaa 
181 0 |a i  
182 0 |a b 
200 1 |a Вьетнамская культура, типичная для Юго-Восточной Азии  |f До Тхи Хань  |g науч. рук. С. Ф. Седельникова 
203 |a Текст  |c электронный 
225 1 |a Теоретические и прикладные аспекты изучения языков и культур стран Азиатско-Тихоокеанского региона 
300 |a Заглавие с титульного экрана 
320 |a [Библиогр.: с. 324 (4 назв.)] 
337 |a Adobe Reader 
461 1 |0 (RuTPU)RU\TPU\conf\7313  |t Коммуникативные аспекты языка и культуры  |o сборник материалов XIV Международной научно-практической конференции студентов и молодых ученых, г. Томск, 21-23 мая 2014 г.  |o в 3 ч.  |f Национальный исследовательский Томский политехнический университет (ТПУ), Институт международного образования и языковой коммуникации (ИМОЯК) ; под ред. С. А. Песоцкой  |d 2014 
463 0 |0 (RuTPU)RU\TPU\conf\7319  |t Ч. 2  |v [С. 321-324]  |d 2014 
610 1 |a труды учёных ТПУ 
610 1 |a электронный ресурс 
610 1 |a вьетнамская культура 
610 1 |a Юго-Восточная Азия 
610 1 |a традиции 
610 1 |a древние религии 
610 1 |a древние цивилизации 
700 0 |a До Тхи Хань 
702 1 |a Седельникова  |b С. Ф.  |c химик  |c ассистент Томского политехнического университета  |f 1959-  |g Светлана Федоровна  |4 727 
712 0 2 |a Национальный исследовательский Томский политехнический университет (ТПУ)  |b Институт международного образования и языковой коммуникации (ИМОЯК)  |b Кафедра междисциплинарная (МД)  |3 (RuTPU)RU\TPU\col\19012 
801 2 |a RU  |b 63413507  |c 20210917  |g RCR 
856 4 |u http://earchive.tpu.ru/handle/11683/21473 
856 4 |u http://www.lib.tpu.ru/fulltext/c/2014/C77/V2/071.pdf 
942 |c BK